| 000 | 00814nam a2200145Ia 4500 | ||
|---|---|---|---|
| 008 | 100204s9999 xx 000 0 und d | ||
| 082 | _b7128 | ||
| 100 | _aबापट बा. ग./कुलकर्णी | ||
| 245 | _aसमजे पर्यंत जादू वाटणारे ' वैदिक गणित ' भाग 4 ; बिजगनित | ||
| 260 |
_b"दिलीप दत्तात्रय कुलकर्णी , पुणे" _c1985 |
||
| 300 | _a128 | ||
| 630 | _aसमजे पर्यंत जादू वाटणारे ' वैदिक गणित ' भाग 4 ; बिजगनित | ||
| 730 | _aसमजे पर्यंत जादू वाटणारे ' वैदिक गणित ' भाग 4 ; बिजगनित | ||
| 942 | _cBOOK | ||
| 999 |
_c451565 _d451562 |
||